Statistics for The Death Grips Quiz

Click here to take the quiz!

General Stats

  • This quiz has been taken 23 times
  • The average score is 14 of 15

Answer Stats

QuestionAnswer% Correct
Alias of Death Grips frontman, Stefan BurnettMC Ride
100%
Debut studio album (2012)The Money Store
100%
Album self-released through BitTorrentNo Love Deep Web
100%
Icelandic singer whose voice is sampled throughout the first half of 'The Powers That B'Björk
100%
Album released in 2016Bottomless Pit
100%
Drummer famed for fast-paced, technical abilityZach Hill
95%
Their first mixtape, released in 2011Exmilitary
95%
Snippets of this American criminal feature in the above mixtapeCharles Manson
95%
Second half of 'The Powers That B' double album, which was leakedJenny Death
95%
Album released in 2018Year of the Snitch
95%
Bowie album reportedly inspired by Death GripsBlackstar
95%
Producer, also known as 'Flatlander'Andy Morin
91%
Album released in late 2013 as free to downloadGovernment Plates
86%
The groups own record labelThird Worlds
77%
Record label with which the group had a short-lived signingEpic Records
73%

Score Distribution

Percentile by Number Answered

Percent of People with Each Score

Your Score History

You have not taken this quiz